| 000 | 00811aas a2200217 4500 | ||
|---|---|---|---|
| 999 |
_c3395 _d3395 |
||
| 003 | BR-BrBNA | ||
| 005 | 20230317233802.0 | ||
| 007 | ta | ||
| 008 | 230119b bl ||||| |||| 00| 0 por d | ||
| 035 | _a000485-5 | ||
| 040 |
_aBR-BrBNA _bPor _cBR-BrBNA |
||
| 042 | _aN | ||
| 044 | _abl | ||
| 245 | _aProgramas e Projetos - Associação de Assistência Técnica e Extensão Rural do Território Federal do Amapá (Brazil) | ||
| 260 |
_aMacapá-AP _bAssociação de Assistência Técnica e Extensão Rural do Território Federal do Amapá _c1980. Data final de publicação em 1990 _eBAP |
||
| 270 | _aRua Leopóldo Machado, 1374 - Bairro Jesus de Nazaré - Caixa Postal 27 - 68900-000 | ||
| 310 | _aanual | ||
| 505 | _a1980 (2); 1981 (3); 1982 (4); 1984 (5); 1990 (11); | ||
| 909 |
_a56 _bSergio Santos _c56 _dSergio Santos |
||
| 942 |
_cCR _2AGRIS |
||